00296nam a2200121Ia 4500008004100000041000800041082001500049100001700064245002800081260002900109300001900138999001700157241015s9999 xx 000 0 und d aeng a658.45 MUR aKevin Murray aThe Language Of Leaders bKogen PageaLondonc2012 a229;. P. 22 cm c41724d41724